Statistics for Conspiracy theories

Click here to take the quiz!

General Stats

  • This quiz has been taken 315 times
    (299 since last reset)
  • The average score is 9 of 20

Answer Stats

Conspiracy theoryAnswer% Correct
It was the ultimate inside job.9/11
87%
Evidence of extraterrestrial life is being hidden at this United States Air Force facility.Area 51
87%
Oswald did not act alone.JFK assassination
77%
NASA, with the aid of other organizations, hoaxed them.Moon landings
77%
It was no car accident. It was murder.Diana's death
76%
The Nazis never carried out this horrific act during World War II.Holocaust
76%
The science behind this environmental issue is producing false data.Global warming
73%
FDR knew this surprise military strike, which caused the United States to enter World War II, would happen.Attack on Pearl Harbor
70%
World leaders are actually what.Reptilians
57%
Booth and his small group of co-conspirators did not act alone.Lincoln assassinaton
50%
This technique was part of a communist plot during the 1950s and 1960s to undermine American public health.Water fluoridation
50%
Nixon was framed for this political scandal.Watergate
49%
These mysterious figures are threatening or harassing UFO witnesses to keep quiet about what they saw.Men in black
31%
This secretive power elite with a globalist agenda is conspiring to rule the world through an authoritarian world government.New World Order
25%
McVeigh & Nichols did not act alone.Oklahoma City bombing
23%
Sirhan did not act alone.RFK assassination
14%
Ray was not involved.MLK assassination
9%
CIA is illegally experimenting with various mind control methods to try to turn ordinary citizens into brainwashed assassins.Manchurian Candidates
5%
Groups other than two Libyan men were behind the bombing of this flight.Pan Am Flight 103
4%
It was no suicide. It was murder.Vince Foster's death
2%

Score Distribution

Percentile by Number Answered

Percent of People with Each Score

Your Score History

You have not taken this quiz since the last reset